000 01052nam a22002537a 4500
005 20170704143544.0
010 _a1516EN07 ENG-113428
020 _a9789351501879
_c1250.00
035 _aEN-96960
035 _aB-605011-022
035 _aB-664593
037 _bDBAD/PUB
037 _bBSB/VEN
_aDPL
082 _a324.9540532
245 _aIndia's 2014 elections :
_cedited by Paul wallace
_ba Modi-led bjp sweep /
260 _aNew Delhi
_bSage Publications
_c2015
270 _aB1/I-1, Mohan Cooperative Industrial Area, Mathura Road
_bNew Delhi
_e110044
300 _axxiv,427p.
_c23cm(Hb)
500 _aincludes index
700 _aWallace, Paul
942 _2ddc
_cEN
_mIND
_h324.9540532
999 _c94806
_d94806